| 000 | 02881nam a2200253Ia 4500 | ||
|---|---|---|---|
| 003 | Ost | ||
| 005 | 20260507075452.0 | ||
| 008 | 260507s9999||||xx |||||||||||||| ||und|| | ||
| 040 | _cfsecg | ||
| 041 | _aara | ||
| 082 | _a658.8 | ||
| 100 |
_aالطائي، حميد عبد النبي _eمؤلف |
||
| 245 | 0 |
_aتطوير المنتجات و تسعيرها / _c حميد عبد النبي الطائي |
|
| 260 |
_aعمان: _bدار اليازوري العلمية للنشر و التوزيع, _c2008 |
||
| 300 |
_a212 صفحة؛ _c24 سم |
||
| 504 | _aبيبليوغرافيا ص. 207 | ||
| 520 | _aيعرض الكتاب في محتوياته مايلي الفصل الأول : المنتجات المفاهيم، الأبعاد، الآليات والاستراتيجيات : ماالمقصود بالمنتج؟ : تطبيقات المنتج : قرارات مزيج المنتجات : دورة حياة المنتج واستراتيجياتها التسويقية : الاستراتيجيات التسويقية لمراحل دور حياة المنتج : العلامات التجارية والتعبئة والتغليف والسمات الأخرى : التصميم واللون والجودة-الفصل الثاني : تطوير وابتكار المنتجات الجديدة : مفهوم التطوير والابتكار : أسباب فشل المنتجات الجديدة : مبررات ابتكار المنتجات الجديدة وتطويرها : إدارة المنتجات الجديدة : خطوات تطوير ابتكار المنتجات الجديدة-الفصل الثالث : ابتكار وتطوير الخدمات الجديدة : طرق ومسارات التطوير : الخطوات الرئيسة المتضمنة في عملية ابتكار وتطوير وتقديم الخدمات الجديدة : العوامل المؤثرة على عملية ابتكار وتطوير الخدمات الجديدة : ابتكار وتطوير الخدمات الجديدة : خطوات تطوير الخدمات الجديدة : تحويل السلع إلى خدمات وتحويل الخدمات إلى سلع-الفصل الرابع : تسعير المنتجات : الاعتبارات والمداخل التسعرية : مدخل مفاهيمي للتسعير : العوامل الداخلية والخارجية المؤثرة في قرارات التسعير : مداخل التسعير العامة-الفصل الخامس : الاستراتيجيات التسعيرية : استراتيجيات التسعير : استراتيجيات التسعير المنتجات الجديدة : استراتيجيات التسعير لمزيج المنتج | ||
| 653 | _aأسعار | ||
| 653 | _aالإنتاج | ||
| 653 | _aإنتاج | ||
| 653 | _aتسويق | ||
| 700 |
_aالعلاق، بشير عباس _eمؤلف ثانوي |
||
| 942 | _cكتاب | ||
| 999 |
_c44638 _d44638 |
||